000 00690cab a2200229 4500
001 X84986
008 090401t1996 xxu||||| |||| 00| 0 eng d
035 _a(Sirsi) u79403
041 _aeng
245 _aSt Modwen Developments Ltd v Bowmer & Kirkland Ltd
260 _c1996
350 _a0
490 _aConstruction Industry Law Letter
_v1996 CILL 1203-1204(2)
520 _aORC 20 August 1996. Formula approach to head office overheads and profit approved.
650 _aCONTRACT CLAIMS
650 _aEMDEN FORMULA
650 _aFORMULA METHOD
650 _aHEAD OFFICE OVERHEADS
690 _aBUILT ENVIRONMENT-BUILDING CONTRACT FORMS
942 _n0
948 _c02/07/1997
999 _c49910
_d49910